| 000 | 01636cam a22003857a 4500 | ||
|---|---|---|---|
| 003 | CHAP | ||
| 005 | 20220329141937.0 | ||
| 008 | 980828m1997 mx rs o00110 spa d | ||
| 010 | _a76045 | ||
| 011 | _a77017 | ||
| 020 | _a9701316622 | ||
| 035 | _a86613 | ||
| 040 | _cCHAP | ||
| 082 | 0 | 4 |
_a312.0972 _bI53 Q.R. |
| 110 | 2 |
_aInstituto Nacional de Estadística, Geografía e Informática. México _959304 |
|
| 245 | 1 | 0 |
_aEstadísticas vitales del estado de Quintana Roo _c/por Instituto Nacional de Estadística, Geografía e Informática |
| 260 |
_aAguascalientes, Ags. : _bInstituto Nacional de Estadística, Geografía e Informática, _c1997- |
||
| 300 |
_av. : _bgráfs. ; cuadros |
||
| 500 | _aLa biblioteca tiene :1991-95, 1996-97, 1998, 1999 | ||
| 590 |
_aBATCH-UPD _b10 _c20130110 _lUCH01 _h0407 |
||
| 590 |
_aBATCH-UPD _b10 _c20130110 _lUCH01 _h2048 |
||
| 590 |
_aBATCH-UPD _b10 _c20130410 _lUCH01 _h0041 |
||
| 590 |
_aBATCH-UPD _b10 _c20130914 _lUCH01 _h1923 |
||
| 590 |
_aCONVERSION _b10 _c20130109 _lUCH01 _h1342 |
||
| 650 | 1 | 4 |
_aPoblación _xEstadísticas _zQuintana Roo. _989395 |
| 650 | 1 | 4 |
_aPoblación _zQuintana Roo. _989435 |
| 650 | 1 | 4 |
_aQuintana Roo _xEstadísticas. _993377 |
| 901 | _aBK | ||
| 905 | _aGuadalupe Pinto C. | ||
| 942 | _cLIBRO | ||
| 949 |
_a312.0972 I53 Q.R. _bBC _cINEGI _d33724000696704 _eINEGI _f1991-95 _h93971 _i86613 _sb |
||
| 949 |
_a312.0972 I53 Q.R. _bBC _cINEGI _d33724000801072 _eINEGI _f1998 _h97970 _i86613 _sb |
||
| 949 |
_a312.0972 I53 Q.R. _bBC _cINEGI _d33724000835757 _eINEGI _f1996-97 _gDonaciØn _h100318 _i86613 _si |
||
| 949 |
_a312.0972 I53 Q.R. _bBC _cINEGI _d33724000852299 _eINEGI _f1999 _h101398 _i86613 _sb |
||
| 999 |
_c76045 _d76045 |
||